Statistics for Top 30 Highest Grossing Movies

Click here to take the quiz!

General Stats

  • This quiz has been taken 95 times
    (36 since last reset)
  • The average score is 7 of 30

Answer Stats

HintAnswer% Correct
21997Titanic
94%
12009Avatar
81%
52012The Avengers
50%
242008The Dark Knight
41%
102013Iron Man 3
38%
92013Frozen
34%
201993Jurassic Park
31%
42015Jurassic World
31%
32015Star Wars: The Force Awakens
28%
182010Toy Story 3
28%
72015Avengers: Age of Ultron
25%
62015Furious 7
25%
162012The Dark Knight Rises
25%
82011Harry Potter and the Deathly Hallows Part 2
19%
112015Minions
19%
172006Pirates of the Caribbean: Dead Man's Chest
16%
142012Skyfall
16%
251994The Lion King
16%
132003The Lord of the Rings: The Return of the King
16%
152014Transformers: Age of Extinction
16%
272013Despicable Me 2
13%
192011Pirates of the Caribbean: On Stranger Tides
13%
122011Transformers: Dark of the Moon
13%
292010Harry Potter and the Deathly Hallows Part 1
9%
222010Alice in Wonderland
6%
262001Harry Potter and the Philosopher's Stone
6%
282007Pirates of the Caribbean: At World's End
6%
211999Star Wars Episode I: The Phantom Menace
6%
232012The Hobbit: An Unexpected Journey
6%
302013The Hobbit: The Desolation of Smaug
6%

Score Distribution

Percentile by Number Answered

Percent of People with Each Score

Your Score History

You have not taken this quiz since the last reset